00477nam a2200145Ia 4500008004100000020001800041082001200059100002600071245004600097260001300143500002700156942000700183952012600190999001500316260604s9999 xx 000 0 und d a9789386245427 a330 KAR aDr. m karpagam935938 0aEnvironmental Economics: A Text Book (PP) bSTERLING aEconomy, Environmental cBK 00104070aIIMVbIIMVcGENERALd2026-06-04g499.00l0o330 KARp004396r2026-06-04 10:21:36v499.00w2026-06-04yBKBKAR c8778d8778